| 000 | 02014nam a22002657a 4500 | ||
|---|---|---|---|
| 999 |
_c59281 _d59281 |
||
| 003 | Ge_BSU | ||
| 005 | 20221229120230.0 | ||
| 008 | 221229s2022ge xxu||||| |||| 00| 0 geo d | ||
| 020 | _a9789941842771 | ||
| 041 | _ageo | ||
| 080 | _a94(479.22)+ 94(=353.1) ს-95 | ||
| 100 |
_aსუნი, რონალდ გრიგორ, ავტორი _916628 |
||
| 245 |
_aქართველი ერის ჩამოყალიბება / _cრონალდ გრიგორ სუნი ; თარგმანი ქეთი ქანთარია ; სარედაქციო ჯგუფი: ნიკა ხოფერია, ნიკოლოზ ალექსიძე, ნატო ალხაზიშვილი ; ყდის დიზაინი და დაკაბადონება გვანცა მახათაძე. |
||
| 264 |
_aთბილისი : _b ზიარი, _c2022. |
||
| 300 |
_a622 გვ. ; _b24 სმ. |
||
| 500 | _aწიგნი ითარგმნა და გამოიცა ჰაინრიხ ბიოლის ფონდის თბილისის ოფისი - სამხრეთ კავკასიის რეგიონის მხარდაჭერით. | ||
| 653 | _aქართველი ერის ჩამოყალიბება | ||
| 653 | _aისტორია | ||
| 700 |
_aქანთარია, ქეთი _eმთარგმნელი _916629 |
||
| 700 |
_a ხოფერია, ნიკა _eსარედაქციო ჯგუფი _916630 |
||
| 700 |
_aალექსიძე, ნიკოლოზ _eსარედაქციო ჯგუფი _916631 |
||
| 700 |
_aალხაზიშვილი, ნატო _eსარედაქციო ჯგუფი _916632 |
||
| 700 |
_aმახათაძე, გვანცა _e ყდის დიზაინი და დაკაბადონება _916633 |
||
| 942 |
_2udc _cBK |
||